Industrial applications of nanoparticles: A prospective ovreview (Record no. 1237822)

MARC details
000 -LEADER
fixed length control field 00771nam a2200241Ia 4500
005 - DATE AND TIME OF LATEST TRANSACTION
control field 20250117103606.0
008 - FIXED-LENGTH DATA ELEMENTS--GENERAL INFORMATION
fixed length control field 008 250103s9999 xx 000 0 eng d
020 ## - INTERNATIONAL STANDARD BOOK NUMBER
International Standard Book Number 9781032024769
037 ## - SOURCE OF ACQUISITION
Stock number Textual
040 ## - CATALOGING SOURCE
Original cataloging agency CSL
Language of cataloging eng
Transcribing agency CSL
041 ## - LANGUAGE CODE
Language code of text/sound track or separate title eng
Source of code eng
084 ## - COLON CLASSIFICATION NUMBER
Classification number C21:(D) R3
Assigning agency CSL
245 #0 - TITLE STATEMENT
Title Industrial applications of nanoparticles: A prospective ovreview
Statement of responsibility, etc. Litter, Marta I (Ed.); Ahmad, Arslan (Ed.)
260 ## - PUBLICATION, DISTRIBUTION, ETC.
Place of publication, distribution, etc. Boca Raton
Name of publisher, distributor, etc. CRC Press/T&F
Date of publication, distribution, etc. 2023
300 ## - PHYSICAL DESCRIPTION
Extent viii, 333p. ill.
650 ## - SUBJECT ADDED ENTRY--TOPICAL TERM
Topical term or geographic name entry element Nanophotocatalsts
9 (RLIN) 734078
650 ## - SUBJECT ADDED ENTRY--TOPICAL TERM
Topical term or geographic name entry element Photocatalytic
9 (RLIN) 734079
650 ## - SUBJECT ADDED ENTRY--TOPICAL TERM
Topical term or geographic name entry element Physics
700 ## - ADDED ENTRY--PERSONAL NAME
Personal name Ahmad, Arslan (Ed.)
9 (RLIN) 734080
700 ## - ADDED ENTRY--PERSONAL NAME
Personal name Litter, Marta I (Ed.)
9 (RLIN) 734081
942 ## - ADDED ENTRY ELEMENTS (KOHA)
Koha item type Textual
Classification part C21:(D) R3
Holdings
Withdrawn status Lost status Damaged status Not for loan Home library Current library Date acquired Source of acquisition Inventory number Total Checkouts Full call number Barcode Date last seen Price effective from Koha item type
        Central Science Library Central Science Library 2025-01-17 Monika Book Distributors 491, 28/01/2024   C21:(D) R3 SL1655772 2025-01-17 2025-01-17 Textual
Copyright @ Delhi University Library System